| 000 | 00489pab a2200181 454500 | ||
|---|---|---|---|
| 008 | 180718b2009 xxu||||| |||| 00| 0 eng d | ||
| 100 | _aKumar, M. Pavan | ||
| 245 | _a`Nonconformity incarnate': women with disabilities, `gendered' law and the problem of recognition | ||
| 260 | _c2009 | ||
| 300 | _ap.37-43. | ||
| 362 | _a31Oct | ||
| 650 | _aDisabilities | ||
| 650 | _aWomen | ||
| 700 | _aAnuradha, S.E. | ||
| 773 | _aEconomic and Political Weekly | ||
| 908 | _aN | ||
| 909 | _a84372 | ||
| 999 |
_c84372 _d84372 |
||